Focus (Record no. 77299)

MARC details
000 -LEADER
fixed length control field 01145cab a2200277 4500
001 - CONTROL NUMBER
control field ##L133975
008 - FIXED-LENGTH DATA ELEMENTS--GENERAL INFORMATION
fixed length control field 060626n2006 000 0 eng u
035 ## - SYSTEM CONTROL NUMBER
System control number (Sirsi) u133975
041 0# - LANGUAGE CODE
Language code of text/sound track or separate title eng
100 1# - MAIN ENTRY--PERSONAL NAME
Personal name Morrison, Adrian
245 00 - TITLE STATEMENT
Title Focus
Remainder of title West of Scotland
260 ## - PUBLICATION, DISTRIBUTION, ETC.
Date of publication, distribution, etc. 2006
490 #0 - SERIES STATEMENT
Series statement Estates Gazette
Volume/sequential designation (0625) 24 June 2006, 145-159(10)
520 ## - SUMMARY, ETC.
Summary, etc. Looks at two mixed-use proposals for transforming the Charing Cross area of Glasgow into a vibrant commercial district; big development plans for Ayrshire, including redevelopment of a college campus site for leisure and housing; a campaign to boost the image of Lanarkshire; and a joint venture to build industrial, office, residential and retail units around Gretna, Lockerbie and Annan after the closure of Chapelcross nuclear power station.
590 ## - LOCAL NOTE (RLIN)
Local note IKA040706
651 #4 - SUBJECT ADDED ENTRY--GEOGRAPHIC NAME
Geographic name WEST SCOTLAND
651 #4 - SUBJECT ADDED ENTRY--GEOGRAPHIC NAME
Geographic name GLASGOW
651 #4 - SUBJECT ADDED ENTRY--GEOGRAPHIC NAME
Geographic name AYRSHIRE
651 #4 - SUBJECT ADDED ENTRY--GEOGRAPHIC NAME
Geographic name LANARKSHIRE
651 #4 - SUBJECT ADDED ENTRY--GEOGRAPHIC NAME
Geographic name DUMFRIES
690 ## - LOCAL SUBJECT ADDED ENTRY--TOPICAL TERM (OCLC, RLIN)
Topical term or geographic name as entry element PROPERTY-COMMERCIAL PROPERTY-COMMERCIAL PROPERTY MARKET
700 1# - ADDED ENTRY--PERSONAL NAME
Personal name Baker, Colin
700 1# - ADDED ENTRY--PERSONAL NAME
Personal name Glen, Allen
700 1# - ADDED ENTRY--PERSONAL NAME
Personal name Kivlehan, Noella Pio
942 ## - ADDED ENTRY ELEMENTS (KOHA)
Suppress in OPAC 0
Holdings
Withdrawn status Lost status Source of classification or shelving scheme Damaged status Not for loan Home library Current library Shelving location Date acquired Total Checkouts Full call number Barcode Date last seen Copy number Price effective from Koha item type
    Dewey Decimal Classification     London London Journal article 26/06/2006   L133975 133975-1001 06/08/2019 1 06/08/2019 Journal article